00342nam a2200133Ia 4500008004100000041000800041082001600049100001700065245003200082250000800114260002300122300001900145520004400164240719s9999 xx 000 0 und d aeng a332.024 SET aSethi, Ramit aI Will teach you to be rich a2nd aUSAbWorkmanc2019 a342;. P. 21 cm aFaculty Purchase By Dr. Jitendra Sharma